Percepción, lenguaje e historia /

Detalles Bibliográficos
Autor principal: Ralón de Walton, Graciela (Autor)
Formato: Electrónico eBook
Lenguaje:español
Publicado: Bogotá, Colombia : Editorial Aula de Humanidades, 2025.
Edición:Primera edición.
Colección:Colección Fenomenología y hermenéutica (Editorial Aula de Humanidades)
Materias:
Acceso en línea:Digitalia Hispánica

MARC

LEADER 00000nam a2200000Ii 4500
001 DIGAUHUM0096
003 NyNyDIG
006 m o d
007 cr |||||||||||
008 260205s2025 ck ob 001 0 spa d
035 |a (OCoLC)1573182469 
040 |a DGITA  |b eng  |e rda  |e pn  |c DGITA 
020 |a 9786287777491  |q (versión digital) 
020 |z 9786287777484  |q (versión impresa) 
050 1 4 |a B829.5 ebook 
100 1 |a Ralón de Walton, Graciela,  |e author. 
245 1 0 |a Percepción, lenguaje e historia /  |c Graciela Ralón. 
250 |a Primera edición. 
264 1 |a Bogotá, Colombia :  |b Editorial Aula de Humanidades,  |c 2025. 
300 |a 1 online resource. 
336 |a text  |b txt  |2 rdacontent 
337 |a computer  |b c  |2 rdamedia 
338 |a online resource  |b cr  |2 rdacarrier 
347 |a text file  |2 rdaft 
347 |b PDF 
490 1 |a Colección: Fenomenología y Hermenéutica 
504 |a Includes bibliographical references and indexes. 
588 0 |a Online resource; title from PDF title page (Digitalia, viewed February 5, 2026) 
650 0 |a Phenomenology. 
650 0 |a Anthropological linguistics. 
650 0 |a Philosophy  |x History. 
791 2 |a Digitalia (Firm),  |e distributor. 
793 0 |g Digitalia eBook Collection:  |a Editorial Aula de Humanidades 
776 0 8 |i Print version:  |a Ralón de Walton, Graciela.  |t Percepción, lenguaje e historia.  |b Primera edición.  |d Bogotá, Colombia : Editorial Aula de Humanidades, 2025  |z 9786287777484 
830 0 |a Colección Fenomenología y hermenéutica (Editorial Aula de Humanidades) 
856 4 0 |3 Digitalia Hispánica  |u https://www.digitaliapublishing.com/a/182546/ 
910 |a Premium collection: 2026